<?xml version="1.0" encoding="UTF-8"?>
<record
    xmlns:xsi="http://www.w3.org/2001/XMLSchema-instance"
    xsi:schemaLocation="http://www.loc.gov/MARC21/slim http://www.loc.gov/standards/marcxml/schema/MARC21slim.xsd"
    xmlns="http://www.loc.gov/MARC21/slim">

  <leader>00480nam a22001817a 4500</leader>
  <controlfield tag="001">2928</controlfield>
  <controlfield tag="003">BD-DhBUF</controlfield>
  <controlfield tag="005">20251214150738.0</controlfield>
  <controlfield tag="008">251214b        bg ||||| |||| 00| 0 ben d</controlfield>
  <datafield tag="020" ind1=" " ind2=" ">
    <subfield code="a"> 1416502491</subfield>
  </datafield>
  <datafield tag="040" ind1=" " ind2=" ">
    <subfield code="a">BD-DhBUF</subfield>
    <subfield code="c">BD-DhBUF</subfield>
  </datafield>
  <datafield tag="100" ind1=" " ind2=" ">
    <subfield code="a">Covey, Stephen R.</subfield>
    <subfield code="9">4263</subfield>
  </datafield>
  <datafield tag="245" ind1=" " ind2=" ">
    <subfield code="a">The 7 habits of highly effective people /</subfield>
    <subfield code="c">Stephen R. Covey, </subfield>
  </datafield>
  <datafield tag="260" ind1=" " ind2=" ">
    <subfield code="a">New York :</subfield>
    <subfield code="b">Pocket books,</subfield>
    <subfield code="c">2004.</subfield>
  </datafield>
  <datafield tag="300" ind1=" " ind2=" ">
    <subfield code="a">372p. :</subfield>
    <subfield code="c">22cm. ;</subfield>
  </datafield>
  <datafield tag="526" ind1=" " ind2=" ">
    <subfield code="a">AMM</subfield>
  </datafield>
  <datafield tag="942" ind1=" " ind2=" ">
    <subfield code="2">ddc</subfield>
    <subfield code="c">BK</subfield>
  </datafield>
  <datafield tag="999" ind1=" " ind2=" ">
    <subfield code="c">2928</subfield>
    <subfield code="d">2928</subfield>
  </datafield>
  <datafield tag="952" ind1=" " ind2=" ">
    <subfield code="0">0</subfield>
    <subfield code="1">0</subfield>
    <subfield code="2">ddc</subfield>
    <subfield code="4">0</subfield>
    <subfield code="7">0</subfield>
    <subfield code="a">BUFTL</subfield>
    <subfield code="b">BUFTL</subfield>
    <subfield code="d">2025-12-13</subfield>
    <subfield code="l">0</subfield>
    <subfield code="o">158.1 C8731s 2004</subfield>
    <subfield code="p">2025-0510</subfield>
    <subfield code="r">2025-12-14 15:08:00</subfield>
    <subfield code="t">C-1</subfield>
    <subfield code="w">2025-12-14</subfield>
    <subfield code="y">BK</subfield>
  </datafield>
</record>
